| 000 | 01142cam a22003497a 4500 | ||
|---|---|---|---|
| 001 | 16089230 | ||
| 003 | OSt | ||
| 005 | 20231031122040.0 | ||
| 008 | 100209s2010 nyua b 001 0 eng | ||
| 010 | _a 2010922282 | ||
| 015 |
_aGBA9B6209 _2bnb |
||
| 016 | 7 |
_a101536612 _2DNLM |
|
| 016 | 7 |
_a015433441 _2Uk |
|
| 020 | _a9781441914965 | ||
| 040 |
_aNLM _cNLM _dUKM _dBTCTA _dYDXCP _dC#P _dVRC _dCDX _dMMU _dDLC |
||
| 042 |
_anlmcopyc _alccopycat |
||
| 050 | 0 | 0 |
_aRA651 _b.I58 2010 |
| 245 | 0 | 3 |
_aAn introduction to epidemiology for health professionals / _cJørn Olsen ... [et al.]. |
| 260 |
_aNew York : _bSpringer, _c2010. |
||
| 300 | _axii, 163 p. | ||
| 490 | 0 |
_aSpringer series on epidemiology and health, _x1869-7933 |
|
| 650 | 0 | _aEpidemiology. | |
| 650 | 1 | 2 | _aEpidemiology. |
| 650 | 2 | 2 | _aEpidemiologic Methods. |
| 700 | 1 | _aOlsen, Jørn. | |
| 700 | 1 | _aChristensen, Kaare | |
| 700 | 1 | _aMurray, Jeff | |
| 700 | 1 | _aEkbom, Anders | |
| 906 |
_a7 _bcbc _ccopycat _d2 _eepcn _f20 _gy-gencatlg |
||
| 942 |
_2lcc _cBK |
||
| 999 |
_c20383 _d20382 |
||